01168nam a2200181 a 450000100080000000500110000800800410001924500430006025000110010326000370011430000240015152006940017565300110086965300280088065300320090865300280094065300180096810867392012-10-15 2011 bl uuuu 00u1 u #d aINDICA????ES geogr??ficas brasileiras. a3. ed. aBra??lia, DF: SEBRAE: INPIc2011 a161 p.cil., color. aIndica????o de Proced??ncia - Goiabeiras: panelas de barro. Pampa Ga??cho da Campanha Meridional: carne bovina e seus derivados. Paraty: Aguardentes, tipo cacha??a e composta azulada. Pelotas: doces tradicionais de confeitaria e de frutas. Pinto Bandeira: vinhos tintos, brancos e espumantes. REgi??o do Cerrado MIneiro: caf??. REgi??o do Jalap??o do Estado de Tocantins: artesanato em capim dourado. Regi??o da Serra da Mantiqueira de Minas Gerais: caf??. Serro: queijo. Vale dos Sinos: couro acabado. Vale do Subm??dio S??o Francisco: uvas de mesa e manga. Vale dos Vinhedos: vinhos e espumantes. Denomina????es de origem - Litoral Norte Ga??cho: arroz. Regi??o da Costa Negra: camar??o. aBrasil aDenomina????o de origem aIndica????o de proced??ncia aIndica????o geogr??fica aLocaliza????o